MDQL
is popping MORE tags! Check the
thread
!
Quizzes
Events
Quiz Creation
Community
Videos
Private Events
Remove Ads
Sign In
Join for FREE
Feedback
Dark Mode
Quiz Categories
Sports
Geography
Music
Movies
Television
Just For Fun
Miscellaneous
History
Literature
Language
Science
Gaming
Entertainment
Religion
Holiday
For Kids
Quiz Lab
Recent
Popular Today
Quiz Kudos Today
Editor Picks
Curator Picks
Quizzes by...
Day
Popularity
Type
Ratings
Length
Year
Community
Subscriptions
Recent Discussions
Orange Saloon
Badges
Playlists
Quests
Create
Leaderboards
Showdown
Live 5
Trivia Bingo
Activity
Puzzle Library
Sporcle Events
Private Events
Virtual Trivia
Globe League
Become a Host
Pub Owners
SporcleCon
Opinionation
Our Games
Videos
Blog
Mobile Apps
Partnerships
Remove Ads and Go Orange
Feedback
Sports
Athletes
MLB
NBA
NHL
NFL
Soccer
Sports Teams
WWE
NCAA
Football
Premier League
Basketball
Baseball
Hockey
Golf
Tennis
Cricket
Rugby
Auto Racing
Olympics
World Cup
Sports
Athletes
MLB
NBA
NHL
NFL
Soccer
Sports Teams
WWE
NCAA
Football
Premier League
Basketball
Baseball
Hockey
Golf
Tennis
Cricket
Rugby
Auto Racing
Olympics
World Cup
Random Quiz
Search Sporcle
×
Quiz Lab
Quiz Lab
Sports
WWE
Type in answers that appear in a list
Type in answers that appear in a list
Classic
Best Score? Go Orange.
Wrestling Title Victories: Chris Jericho Stats
Can you name the Wrestlers Chris Jericho defeated for each of his title wins?
By
nscox
6m
41 Questions
871 Plays
871 Plays
871 Plays
Comments
Comments
Give Quiz Kudos
Give Quiz Kudos
-
- Ratings
hide this ad
Replay
Link that replays current quiz
Next Quiz
Link to next quiz in quiz playlist
You Got
0%
They Got
Avg Score
74%
Avg Friend Score
Upgrade to see
Score Distribution
Jump to the score distribution portion of the page
Score
0/41
Timer
06:00
0
Plays Today
Title
Opponent
% Correct
WCW Championship
The Rock
97.2%
WCW Championship
The Rock
97.2%
WWE Championship
Steve Austin
96.3%
World Tag Team Championship
Steve Austin
96.3%
World Tag Team Championship
Triple H
93.9%
Intercontinental Championship
Chris Benoit
93.5%
Intercontinental Championship
Chris Benoit
93.5%
European Championship
Chris Benoit
93.5%
World Heavyweight Championship
The Undertaker
90.6%
World Heavyweight Championship
Rey Mysterio
90.5%
World Heavyweight Championship
Rey Mysterio
90.5%
Intercontinental Championship
Rey Mysterio
90.5%
WCW Cruiserweight Championship
Rey Misterio, Jr.
90.5%
European Championship
Kurt Angle
89%
World Heavyweight Championship
Kane
88.2%
World Tag Team Championship
Kane
88.2%
World Heavyweight Championship
Batista
85.5%
World Heavyweight Championship
Batista
85.5%
Intercontinental Championship
Jeff Hardy
82.3%
Intercontinental Championship
Christian [vacant title]
80.6%
World Heavyweight Championship
CM Punk
79.2%
Title
Opponent
% Correct
Intercontinental Championship
Rob Van Dam
77.4%
Intercontinental Championship
Rob Van Dam
77.4%
Intercontinental Championship
Chyna
74.7%
Intercontinental Championship
Chyna
74.7%
Hardcore Championship
The Big Show
72.3%
WCW Cruiserweight Championship
Dean Malenko
71.3%
World Tag Team Championship
Bubba Ray Dudley
67.9%
World Tag Team Championship
D-Von Dudley
67.9%
Intercontinental Championship
Hardcore Holly
62.8%
World Heavyweight Championship
John Bradshaw Layfield
61.7%
World Heavyweight Championship
John Morrison
59.9%
World Tag Team Championship
Carlito
56.4%
World Tag Team Championship
Ted DiBiase
55.6%
World Tag Team Championship
The Hurricane
55.3%
World Tag Team Championship
Cody Rhodes
55.2%
World Tag Team Championship
Primo
53.2%
World Heavyweight Championship
R-Truth
47%
WCW Cruiserweight Championship
Syxx
41.8%
WCW Cruiserweight Championship
Alex Wright
25.1%
WCW Television Championship
Stevie Ray
16.2%
Quiz Playlist
Details
Report
Send in Message
Add To Playlist
Classic:
Type in answers that appear in a list
Last Updated: Feb 16, 2017
Quiz Scoreboard
CHALLENGE
Sign Up to Join the Scoreboard
Show All
Scores
Hide
Comments
May contain spoilers
Recently Published
1-10 Letter E Words III
by El_Dandy
Language
2m
Street Fighter Characters
by Artimus82
Gaming
60s
College Basketball Coaching Resumes
by pancakes188
Sports
9m
More to Explore
Quiz From the Vault
Featured Blog Post
Where Did the Easter Bunny Come From?
hide this ad
You Might Also Like...
Tags
WWE Quiz
Championship
Chris Jericho
Wrestlers
Wrestling
WWF
Today's Top Quizzes in Sports
Browse Sports
hide this ad
Today's Top Quizzes in WWE
Browse WWE
Top Contributed Quizzes in Sports
1
2022 World Cup Stars
2
Les meilleurs buteurs des matchs entre le PSG et l’OM
3
FIFA Club World Cup Champions
4
Les entraîneurs de l'OM et du PSG au 21e siècle
5
Criteria MLB: Left Handed Sluggers
6
2023 MLB Unique Player Accomplishments
7
AFC Teams Reveal (Wrong Answers Minefield)
8
Players with Multiple 50 Home Run Seasons
9
5-to-1: FBS Animal Nicknames
10
5-to-1: UK Sports Teams
Explore More
Trending Topics
Marvel
Harry Potter
Disney
NBA
Crossword
Kpop
Anime
Song
WWE
The Office
Soccer
Puzzle
Pokémon
NFL
Country
hide this ad
More By:
nscox
Quiz
Plays
Rating
Category
Featured
Created
2012 Summer Olympics Minefield
527,203
4.14
Sports
Jul 11, 2012
NHL Teams (Redux)
280,100
4.17
Sports
Mar 31, 2012
WWE 'Money in the Bank' Match Participants
246,757
4.23
Sports
Jun 27, 2011
Every WrestleMania Match 1-31!
240,016
4.57
Sports
Mar 4, 2012
Famous Wrestlers by Picture
236,460
4.21
Sports
Sep 13, 2012
Go to Creator's Profile
Score Distribution
Quiz Creator Spotlight
nscox
Follow
Send a Message
Quizzes Created
-
Created Quiz Play Count
-
More By This Creator
Popular Quizzes Today
1
Find the US States - No Outlines Minefield
2
Find the Countries of Europe - No Outlines Minefield
3
The Countries of the World
4
Find the US States
5
Risky Map Clicking: Biggest States A-Z
6
US States
7
Popular People in 1961
8
Movies - When Are They Set?
More Sports Quizzes
2019 NBA All-Stars
Quiz Lab
Trending Quizzes
Risky Map Clicking: Least Populous States A-Z
Billboard Blitz: Aretha Franklin
Famous Russians: Author or Composer?
1-10 Letter G Words
Countries of the World: 200 Million BC
Recently Updated
Leaping Animals
pecheneg
Reality TV Shows (A-Z)
bhenderson79
Rickey Henderson's Hall of Fame Teammates
pecheneg
Champions League XIs: Arsenal
pecheneg
Quick Pick: Celebrities in WWE's Hall of Fame
aduchscher
A-Z Keypad Blitz II
pecheneg
Multiple Oscar Actors
pecheneg
Mystery Phrase Blitz: Oscar 'Best Actors'
pecheneg
F. Scott Fitzgerald Novels
LTH
Pick 3 Villains
ddd62291
Trending Topics
Crossword
Anime
NBA
Marvel
Harry Potter
Kpop
Disney
Country
NFL
WWE
Puzzle
Soccer
Song
The Office
Pokémon
Your Account Isn't Verified!
In order to create a playlist on Sporcle, you need to verify the email address you used during registration. Go to your
Sporcle Settings
to finish the process.
Report this User
Report this user for behavior that violates our
Community Guidelines
.
Details:
Send Report
Go to the Sporcle.com Mobile Site →
Comments